|
|
|
|
| LEADER |
01225nam a2200289 a 4500 |
| 001 |
c000161199 |
| 003 |
CARM |
| 005 |
19970407000000.0 |
| 008 |
820304s1950 ii 000 0 sano |
| 010 |
|
|
|a 81984035 /SA
|
| 019 |
1 |
|
|a 2192068
|5 LACONCORD2021
|
| 035 |
|
|
|a (OCoLC)8282886
|5 LACONCORD2021
|
| 040 |
|
|
|a LC
|b eng
|c LC
|d VU
|
| 050 |
0 |
0 |
|a PK3798.S91
|b M7 1950
|
| 100 |
0 |
|
|a Sūdraka.
|
| 240 |
1 |
0 |
|a Mr̥cchakaṭika.
|
| 245 |
1 |
0 |
|a Mr̥cchakaṭikam =
|b Mṛchchakaṭika /
|c Śūdrakakaviviracitaṃ ; Pr̥thvīdharakr̥tayā vyākhyayā, pāṭhāntara-ṭippaṇī-kathāvastu-pātra-paricayādibhiśca sametam ; Nārāyaṇa Rāma Ācārya `Kāvyatīrtha' ityetaiṣṭippaṇyādibhiḥ samalaṅkr̥tya saṃśodhitam.
|
| 250 |
|
|
|a 8. saṃskaraṇam.
|
| 260 |
|
|
|a Mumbaī :
|b Nirṇayasāgara-Mudraṇālayam,
|c 1950.
|
| 300 |
|
|
|a 8, 298, 8 p. ;
|c 19 cm.
|
| 500 |
|
|
|a In Sanskrit.
|
| 500 |
|
|
|a Play.
|
| 700 |
1 |
|
|a Acharya, Narayan Ram,
|d 1900-
|
| 700 |
0 |
|
|a Pr̥thvīdhara.
|
| 852 |
8 |
|
|b CARM
|h A2:AG30H0
|i A02875
|p 0212619
|f BK
|
| 999 |
f |
f |
|i cb07fb45-1533-58cb-a538-a1626434b516
|s 3869d75f-02d5-5554-806f-8510852601be
|
| 952 |
f |
f |
|p Can circulate
|a CAVAL
|b CAVAL
|c CAVAL
|d CARM 1 Store
|e A02875
|f A2:AG30H0
|h Other scheme
|i book
|m 0212619
|